Oposion y violencia en Colombia (1920-1934) / (Registro nro. 11734)

Detalles MARC
000 -LEADER
fixed length control field 01124nam a2200289 4500
001 - CONTROL NUMBER
control field 0000021258
003 - CONTROL NUMBER IDENTIFIER
control field CO-CtgCURN
005 - DATE AND TIME OF LATEST TRANSACTION
control field 20250329191030.0
007 - PHYSICAL DESCRIPTION FIXED FIELD--GENERAL INFORMATION
fixed length control field ta
008 - FIXED-LENGTH DATA ELEMENTS--GENERAL INFORMATION
fixed length control field 160627s2003 000 0 eng d
020 ## - INTERNATIONAL STANDARD BOOK NUMBER
International Standard Book Number 958973202X
040 ## - CATALOGING SOURCE
Original cataloging agency CO-CtgCURN
Language of cataloging spa
Transcribing agency coctgcurn
082 0# - DEWEY DECIMAL CLASSIFICATION NUMBER
Classification number 320.9861
Item number J37o
100 1# - MAIN ENTRY--PERSONAL NAME
Personal name Jaramillo Echeverri, Marino.
245 10 - TITLE STATEMENT
Title Oposion y violencia en Colombia (1920-1934) /
Statement of responsibility, etc. Marino Jaramillo Echeverri.
260 ## - PUBLICATION, DISTRIBUTION, ETC.
Place of publication, distribution, etc. Bogotá :
Name of publisher, distributor, etc. Academia Colombiana de Jurisprudencia,
Date of publication, distribution, etc. 2003.
300 ## - PHYSICAL DESCRIPTION
Extent 280 p.
336 ## - CONTENT TYPE
Source rdacontent
337 ## - MEDIA TYPE
Source rdamedia
Media type term sin mediacion
Media type code n
338 ## - CARRIER TYPE
Source rdacarrier
Carrier type term volumen
Carrier type code nc
500 ## - GENERAL NOTE
General note Incluye indice.
505 8# - FORMATTED CONTENTS NOTE
Formatted contents note De la regenaracion al republicanismo.-- Del republicanismo a la concentracion nacional.--La violencia o las violencias.-- Fraudes bandoleros y matanzas.-- Un demagogo mistico.-- Oposicion sistematica.-- Libertad de prensa y oposicion
650 14 - SUBJECT ADDED ENTRY--TOPICAL TERM
Topical term or geographic name entry element Violencia política
Chronological subdivision 1920
Geographic subdivision Colombia.
908 ## - PUT COMMAND PARAMETER (RLIN)
Put command parameter 160627
942 ## - ADDED ENTRY ELEMENTS (KOHA)
Koha item type Libros
Classification part 320.9861
Item part J37o
Source of classification or shelving scheme Dewey Decimal Classification
Existencias
Withdrawn status Lost status Source of classification or shelving scheme Damaged status Not for loan Collection Home library Current library Shelving location Date acquired Inventory number Total checkouts Full call number Barcode Date last seen Price effective from Koha item type Public note
    Dewey Decimal Classification     General Miguel Henríquez Castañeda Miguel Henríquez Castañeda General 03/29/2025 012958   320.9861 J37o 012958 03/29/2025 03/29/2025 Libros 320-CIENPO